000 00664nam a2200193Ia 4500
005 20260429111953.0
008 260429s9999||||xx |||||||||||||| ||und||
020 _a9789811284335
041 _aEnglish
082 _a620.11
_bCRE
100 _aCrease, Robert P.
245 0 _aBetween science and industry :
_binstitutions in the history of materials research /
_cRobert P. Crease
260 _aSingapore :
_bWorld Scientific Publishing,
_c2024.
300 _axxi, 732 p.; hb
440 _aWorld scientific encyclopedia of the development and history of materials science; v. 3
650 _a Materials research
650 _aMaterials science
942 _cTB
999 _c51681
_d51681